[Event "XXVII MISTRZOSTWA WOJEWÓDZTWA PODLASKIEGO JUNIORÓW DO LAT 18 - C18"]
[Site "Białystok, Poland"]
[Date "2025.05.30"]
[Round "2.2"]
[White "Racis, Michal"]
[Black "Bartnik, Michal"]
[Result "1/2-1/2"]
[WhiteElo "2118"]
[BlackElo "1986"]

1. d4 {[%clk 00:30:58]} {[%emt 00:00:01]} Nf6 {[%clk 00:30:57]} {[%emt
00:00:04]} 2. Nf3 {[%clk 00:31:20]} {[%emt 00:00:07]} e6 {[%clk 00:31:22]}
{[%emt 00:00:05]} 3. c4 {[%clk 00:31:34]} {[%emt 00:00:16]} c5 {[%clk
00:31:40]} {[%emt 00:00:12]} 4. d5 {[%clk 00:31:44]} {[%emt 00:00:21]} b5
{[%clk 00:32:06]} {[%emt 00:00:04]} 5. Nc3 {[%clk 00:29:15]} {[%emt 00:02:59]}
b4 {[%clk 00:31:34]} {[%emt 00:01:02]} 6. Na4 {[%clk 00:28:48]} {[%emt
00:00:56]} d6 {[%clk 00:28:41]} {[%emt 00:03:24]} 7. dxe6 {[%clk 00:20:49]}
{[%emt 00:08:28]} fxe6 {[%clk 00:28:47]} {[%emt 00:00:24]} 8. g3 {[%clk
00:21:00]} {[%emt 00:00:20]} Bb7 {[%clk 00:29:10]} {[%emt 00:00:07]} 9. Bg2
{[%clk 00:21:18]} {[%emt 00:00:11]} Be7 {[%clk 00:28:33]} {[%emt 00:01:07]} 10.
O-O {[%clk 00:21:33]} {[%emt 00:00:15]} O-O {[%clk 00:28:59]} {[%emt 00:00:04]}
11. b3 {[%clk 00:21:16]} {[%emt 00:00:48]} h6 {[%clk 00:25:22]} {[%emt
00:04:07]} 12. Bb2 {[%clk 00:20:44]} {[%emt 00:01:01]} Re8 {[%clk 00:24:25]}
{[%emt 00:01:27]} 13. Qd2 {[%clk 00:20:23]} {[%emt 00:00:51]} Nbd7 {[%clk
00:23:52]} {[%emt 00:01:03]} 14. Rad1 {[%clk 00:20:04]} {[%emt 00:00:49]} Qc7
{[%clk 00:23:32]} {[%emt 00:00:47]} 15. Nh4 {[%clk 00:18:43]} {[%emt 00:01:54]}
Bxg2 {[%clk 00:23:44]} {[%emt 00:00:19]} 16. Nxg2 {[%clk 00:18:27]} {[%emt
00:00:45]} Rad8 {[%clk 00:20:24]} {[%emt 00:03:50]} 17. Qc2 {[%clk 00:18:16]}
{[%emt 00:00:41]} Nf8 {[%clk 00:18:05]} {[%emt 00:02:49]} 18. Rd2 {[%clk
00:17:10]} {[%emt 00:01:36]} Qc6 {[%clk 00:18:05]} {[%emt 00:00:29]} 19. Nf4
{[%clk 00:12:13]} {[%emt 00:05:28]} Ne4 {[%clk 00:17:24]} {[%emt 00:01:09]} 20.
Rd3 {[%clk 00:11:36]} {[%emt 00:01:09]} Bf6 {[%clk 00:16:07]} {[%emt 00:01:48]}
21. Re3 {[%clk 00:09:09]} {[%emt 00:02:56]} Bxb2 {[%clk 00:15:08]} {[%emt
00:01:29]} 22. Nxb2 {[%clk 00:08:56]} {[%emt 00:00:44]} Ng5 {[%clk 00:08:48]}
{[%emt 00:06:49]} 23. h4 {[%clk 00:08:10]} {[%emt 00:01:16]} Nf7 {[%clk
00:09:06]} {[%emt 00:00:12]} 24. Nbd3 {[%clk 00:05:08]} {[%emt 00:03:33]} e5
{[%clk 00:07:41]} {[%emt 00:01:55]} 25. Nd5 {[%clk 00:05:16]} {[%emt 00:00:21]}
Ne6 {[%clk 00:07:59]} {[%emt 00:00:12]} 26. Ne1 {[%clk 00:04:55]} {[%emt
00:00:51]} Nd4 {[%clk 00:07:04]} {[%emt 00:01:23]} 27. Qg6 {[%clk 00:02:39]}
{[%emt 00:02:48]} Nh8 {[%clk 00:03:34]} {[%emt 00:04:01]} 28. Nf6+ {[%clk
00:01:24]} {[%emt 00:01:45]} Kf8 {[%clk 00:04:03]} {[%emt 00:00:01]} 29. Nh7+
{[%clk 00:01:44]} {[%emt 00:00:10]} Kg8 {[%clk 00:04:28]} {[%emt 00:00:05]} 30.
Nf6+ {[%clk 00:02:09]} {[%emt 00:00:05]} Kf8 {[%clk 00:04:49]} {[%emt
00:00:09]} 31. Nh7+ {[%clk 00:02:34]} {[%emt 00:00:05]} Kg8 {[%clk 00:05:16]}
{[%emt 00:00:03]} 1/2-1/2

[Event "XXVII MISTRZOSTWA WOJEWÓDZTWA PODLASKIEGO JUNIORÓW DO LAT 18 - C18"]
[Site "Białystok, Poland"]
[Date "2025.05.30"]
[Round "2.3"]
[White "Kurcinski, Sebastian"]
[Black "Chelstowski, Bartosz"]
[Result "0-1"]
[WhiteElo "1628"]
[BlackElo "1643"]

1. e4 {[%clk 00:30:57]} {[%emt 00:00:02]} c6 {[%clk 00:30:55]} {[%emt
00:00:06]} 2. d4 {[%clk 00:31:23]} {[%emt 00:00:04]} d5 {[%clk 00:31:20]}
{[%emt 00:00:04]} 3. e5 {[%clk 00:31:33]} {[%emt 00:00:21]} c5 {[%clk
00:31:40]} {[%emt 00:00:10]} 4. dxc5 {[%clk 00:31:49]} {[%emt 00:00:14]} e6
{[%clk 00:32:00]} {[%emt 00:00:09]} 5. Be3 {[%clk 00:32:06]} {[%emt 00:00:13]}
Nd7 {[%clk 00:32:07]} {[%emt 00:00:23]} 6. Bb5 {[%clk 00:32:21]} {[%emt
00:00:16]} Qc7 {[%clk 00:31:28]} {[%emt 00:01:09]} 7. Qd4 {[%clk 00:26:38]}
{[%emt 00:06:13]} Ne7 {[%clk 00:31:12]} {[%emt 00:00:46]} 8. Bxd7+ {[%clk
00:27:03]} {[%emt 00:00:04]} Bxd7 {[%clk 00:31:28]} {[%emt 00:00:15]} 9. Qc3
{[%clk 00:25:37]} {[%emt 00:01:56]} Nf5 {[%clk 00:29:57]} {[%emt 00:02:01]} 10.
b4 {[%clk 00:25:31]} {[%emt 00:00:37]} a5 {[%clk 00:26:50]} {[%emt 00:03:36]}
11. a3 {[%clk 00:25:50]} {[%emt 00:00:10]} Nxe3 {[%clk 00:23:06]} {[%emt
00:04:15]} 12. fxe3 {[%clk 00:26:16]} {[%emt 00:00:03]} Rb8 {[%clk 00:19:43]}
{[%emt 00:03:53]} 13. Nf3 {[%clk 00:26:10]} {[%emt 00:00:36]} b6 {[%clk
00:19:48]} {[%emt 00:00:26]} 14. O-O {[%clk 00:25:25]} {[%emt 00:01:15]} bxc5
{[%clk 00:19:23]} {[%emt 00:00:55]} 15. Ng5 {[%clk 00:25:18]} {[%emt 00:00:36]}
Be7 {[%clk 00:17:29]} {[%emt 00:02:25]} 16. Nxf7 {[%clk 00:22:36]} {[%emt
00:03:11]} O-O {[%clk 00:17:41]} {[%emt 00:00:18]} 17. Nd6 {[%clk 00:22:06]}
{[%emt 00:01:00]} Bxd6 {[%clk 00:17:37]} {[%emt 00:00:35]} 18. exd6 {[%clk
00:22:19]} {[%emt 00:00:17]} Rxf1+ {[%clk 00:18:01]} {[%emt 00:00:05]} 19. Kxf1
{[%clk 00:22:38]} {[%emt 00:00:11]} Qxd6 {[%clk 00:17:37]} {[%emt 00:00:55]} 20.
bxc5 {[%clk 00:20:49]} {[%emt 00:02:19]} Qxh2 {[%clk 00:17:03]} {[%emt
00:01:03]} 21. Nd2 {[%clk 00:21:13]} {[%emt 00:00:06]} Bb5+ {[%clk 00:16:21]}
{[%emt 00:01:12]} 22. Kf2 {[%clk 00:21:12]} {[%emt 00:00:32]} Rf8+ {[%clk
00:15:37]} {[%emt 00:01:14]} 23. Nf3 {[%clk 00:20:59]} {[%emt 00:00:43]} Qh4+
{[%clk 00:11:58]} {[%emt 00:04:08]} 24. Kg1 {[%clk 00:19:59]} {[%emt 00:01:31]}
Rxf3 {[%clk 00:10:59]} {[%emt 00:01:29]} 25. gxf3 {[%clk 00:20:15]} {[%emt
00:00:13]} Qg3+ {[%clk 00:11:21]} {[%emt 00:00:09]} 26. Kh1 {[%clk 00:20:21]}
{[%emt 00:00:24]} Be2 {[%clk 00:11:32]} {[%emt 00:00:19]} 27. Qxg7+ {[%clk
00:17:35]} {[%emt 00:03:16]} Kxg7 {[%clk 00:11:51]} {[%emt 00:00:11]} 28. Rg1
{[%clk 00:18:01]} {[%emt 00:00:04]} Bxf3+ {[%clk 00:12:14]} {[%emt 00:00:07]}
0-1

[Event "XXVII MISTRZOSTWA WOJEWÓDZTWA PODLASKIEGO JUNIORÓW DO LAT 18 - C18"]
[Site "Białystok, Poland"]
[Date "2025.05.30"]
[Round "2.4"]
[White "Krynicki, Filip"]
[Black "Krol, Jan"]
[Result "1/2-1/2"]
[WhiteElo "1951"]
[BlackElo "2064"]

1. d4 {[%clk 00:30:58]} {[%emt 00:00:01]} Nf6 {[%clk 00:30:55]} {[%emt
00:00:06]} 2. c4 {[%clk 00:31:23]} {[%emt 00:00:05]} e6 {[%clk 00:31:22]}
{[%emt 00:00:03]} 3. Nf3 {[%clk 00:31:50]} {[%emt 00:00:03]} b6 {[%clk
00:31:47]} {[%emt 00:00:05]} 4. g3 {[%clk 00:32:11]} {[%emt 00:00:09]} Bb7
{[%clk 00:32:12]} {[%emt 00:00:05]} 5. Bg2 {[%clk 00:32:36]} {[%emt 00:00:04]}
Bb4+ {[%clk 00:32:18]} {[%emt 00:00:25]} 6. Bd2 {[%clk 00:32:21]} {[%emt
00:00:44]} c5 {[%clk 00:32:30]} {[%emt 00:00:18]} 7. Bxb4 {[%clk 00:32:10]}
{[%emt 00:00:42]} cxb4 {[%clk 00:32:58]} {[%emt 00:00:02]} 8. O-O {[%clk
00:32:06]} {[%emt 00:00:33]} O-O {[%clk 00:33:15]} {[%emt 00:00:14]} 9. Nbd2
{[%clk 00:31:54]} {[%emt 00:00:42]} Qe7 {[%clk 00:32:36]} {[%emt 00:01:08]} 10.
Re1 {[%clk 00:31:28]} {[%emt 00:00:55]} d5 {[%clk 00:31:55]} {[%emt 00:01:12]}
11. Rc1 {[%clk 00:29:31]} {[%emt 00:02:27]} Qd6 {[%clk 00:27:18]} {[%emt
00:05:07]} 12. Ne5 {[%clk 00:24:31]} {[%emt 00:05:30]} Nbd7 {[%clk 00:26:57]}
{[%emt 00:00:50]} 13. Ndf3 {[%clk 00:23:52]} {[%emt 00:01:10]} Rac8 {[%clk
00:27:00]} {[%emt 00:00:27]} 14. Qb3 {[%clk 00:23:27]} {[%emt 00:00:56]} a5
{[%clk 00:26:38]} {[%emt 00:00:52]} 15. a3 {[%clk 00:23:27]} {[%emt 00:00:30]}
bxa3 {[%clk 00:19:42]} {[%emt 00:07:25]} 16. bxa3 {[%clk 00:20:29]} {[%emt
00:03:28]} dxc4 {[%clk 00:16:08]} {[%emt 00:04:05]} 17. Nxc4 {[%clk 00:19:13]}
{[%emt 00:01:45]} Qb8 {[%clk 00:16:29]} {[%emt 00:00:10]} 18. Nfe5 {[%clk
00:15:31]} {[%emt 00:04:12]} Bxg2 {[%clk 00:12:31]} {[%emt 00:04:28]} 19. Kxg2
{[%clk 00:15:58]} b5 {[%clk 00:12:16]} {[%emt 00:00:47]} 20. Nxa5 {[%clk
00:10:47]} {[%emt 00:05:40]} Rxc1 {[%clk 00:10:15]} {[%emt 00:02:31]} 21. Rxc1
{[%clk 00:11:12]} {[%emt 00:00:05]} Nxe5 {[%clk 00:10:41]} {[%emt 00:00:04]} 22.
dxe5 {[%clk 00:11:24]} {[%emt 00:00:18]} Qxe5 {[%clk 00:10:55]} {[%emt
00:00:16]} 23. Qf3 {[%clk 00:10:14]} {[%emt 00:01:41]} h6 {[%clk 00:09:55]}
{[%emt 00:01:29]} 24. Nc6 {[%clk 00:10:01]} {[%emt 00:00:43]} Qd6 {[%clk
00:07:14]} {[%emt 00:03:11]} 25. Nb4 {[%clk 00:09:16]} {[%emt 00:01:15]} Rd8
{[%clk 00:05:35]} {[%emt 00:02:09]} 26. Qb7 {[%clk 00:06:52]} {[%emt 00:02:55]}
Qd2 {[%clk 00:04:34]} {[%emt 00:01:30]} 27. Rc2 {[%clk 00:07:07]} {[%emt
00:00:15]} Qe1 {[%clk 00:04:32]} {[%emt 00:00:32]} 28. Nd3 {[%clk 00:06:28]}
{[%emt 00:01:09]} Qd1 {[%clk 00:04:08]} {[%emt 00:00:54]} 29. Rb2 {[%clk
00:05:51]} {[%emt 00:01:08]} Qa4 {[%clk 00:03:00]} {[%emt 00:01:36]} 30. Qxb5
{[%clk 00:03:53]} {[%emt 00:02:29]} Qxa3 {[%clk 00:03:13]} {[%emt 00:00:17]} 31.
Qb4 {[%clk 00:03:03]} {[%emt 00:01:21]} 1/2-1/2

[Event "XXVII MISTRZOSTWA WOJEWÓDZTWA PODLASKIEGO JUNIORÓW DO LAT 18 - C18"]
[Site "Białystok, Poland"]
[Date "2025.05.30"]
[Round "3.1"]
[White "Krol, Jan"]
[Black "Pieczulis, Hubert"]
[Result "1-0"]
[WhiteElo "2064"]
[BlackElo "1853"]

1. e4 {[%clk 00:30:59]} {[%emt 00:00:02]} e6 {[%clk 00:30:53]} {[%emt
00:00:07]} 2. d4 {[%clk 00:31:24]} {[%emt 00:00:05]} d5 {[%clk 00:31:19]}
{[%emt 00:00:03]} 3. e5 {[%clk 00:31:51]} {[%emt 00:00:04]} c5 {[%clk
00:31:45]} {[%emt 00:00:04]} 4. c3 {[%clk 00:32:18]} {[%emt 00:00:03]} Nc6
{[%clk 00:32:04]} {[%emt 00:00:10]} 5. Nf3 {[%clk 00:32:44]} {[%emt 00:00:04]}
Bd7 {[%clk 00:32:09]} {[%emt 00:00:25]} 6. a3 {[%clk 00:32:58]} {[%emt
00:00:16]} cxd4 {[%clk 00:32:16]} {[%emt 00:00:24]} 7. cxd4 {[%clk 00:33:23]}
{[%emt 00:00:05]} f6 {[%clk 00:32:41]} {[%emt 00:00:04]} 8. Bf4 {[%clk
00:32:24]} {[%emt 00:01:30]} Be7 {[%clk 00:31:24]} {[%emt 00:01:47]} 9. Nc3
{[%clk 00:31:22]} {[%emt 00:01:33]} f5 {[%clk 00:29:58]} {[%emt 00:01:55]} 10.
Bd3 {[%clk 00:29:02]} {[%emt 00:02:50]} g6 {[%clk 00:26:48]} {[%emt 00:03:40]}
11. h4 {[%clk 00:28:01]} {[%emt 00:01:31]} a6 {[%clk 00:24:51]} {[%emt
00:02:27]} 12. Na4 {[%clk 00:22:46]} {[%emt 00:05:45]} Rc8 {[%clk 00:18:43]}
{[%emt 00:06:38]} 13. Rc1 {[%clk 00:22:38]} {[%emt 00:00:39]} Na5 {[%clk
00:15:47]} {[%emt 00:03:26]} 14. Rxc8 {[%clk 00:19:41]} {[%emt 00:03:26]} Qxc8
{[%clk 00:15:13]} {[%emt 00:01:04]} 15. Nb6 {[%clk 00:19:02]} {[%emt 00:01:10]}
Qc6 {[%clk 00:14:47]} {[%emt 00:00:53]} 16. Nxd7 {[%clk 00:19:28]} {[%emt
00:00:06]} Qxd7 {[%clk 00:15:13]} {[%emt 00:00:04]} 17. h5 {[%clk 00:19:12]}
{[%emt 00:00:46]} gxh5 {[%clk 00:09:50]} {[%emt 00:05:53]} 18. Rxh5 {[%clk
00:18:34]} {[%emt 00:01:08]} Nc6 {[%clk 00:08:03]} {[%emt 00:02:18]} 19. Bb1
{[%clk 00:14:34]} {[%emt 00:04:29]} Bd8 {[%clk 00:07:10]} {[%emt 00:01:23]} 20.
Ng5 {[%clk 00:13:33]} {[%emt 00:01:30]} Bxg5 {[%clk 00:05:50]} {[%emt
00:01:52]} 21. Bxg5 {[%clk 00:12:46]} {[%emt 00:01:16]} Qg7 {[%clk 00:05:04]}
{[%emt 00:01:16]} 22. g3 {[%clk 00:11:03]} {[%emt 00:02:13]} h6 {[%clk
00:04:35]} {[%emt 00:00:58]} 23. Be3 {[%clk 00:10:51]} {[%emt 00:00:42]} Qf7
{[%clk 00:03:34]} {[%emt 00:01:32]} 24. Rh3 {[%clk 00:10:14]} {[%emt 00:01:07]}
Qg7 {[%clk 00:03:15]} {[%emt 00:00:49]} 25. Bd3 {[%clk 00:09:44]} {[%emt
00:01:00]} Kd8 {[%clk 00:02:36]} {[%emt 00:01:09]} 26. b4 {[%clk 00:09:49]}
{[%emt 00:00:26]} Nge7 {[%clk 00:01:35]} {[%emt 00:01:31]} 27. Qc1 {[%clk
00:09:54]} {[%emt 00:00:23]} h5 {[%clk 00:01:34]} {[%emt 00:00:32]} 28. Qc5
{[%clk 00:09:21]} {[%emt 00:01:03]} Qf7 {[%clk 00:01:16]} {[%emt 00:00:48]} 29.
Bg5 {[%clk 00:08:58]} {[%emt 00:00:52]} Kd7 {[%clk 00:00:38]} {[%emt 00:01:10]}
30. Be2 {[%clk 00:08:08]} {[%emt 00:01:19]} Rh7 {[%clk 00:00:34]} {[%emt
00:00:34]} 31. a4 {[%clk 00:08:17]} {[%emt 00:00:22]} Rh8 {[%clk 00:00:36]}
{[%emt 00:00:27]} 32. b5 {[%clk 00:07:47]} {[%emt 00:01:00]} axb5 {[%clk
00:01:00]} {[%emt 00:00:07]} 33. axb5 {[%clk 00:08:11]} {[%emt 00:00:06]} Nd8
{[%clk 00:00:54]} {[%emt 00:00:35]} 34. Qd6+ {[%clk 00:08:25]} {[%emt
00:00:16]} Ke8 {[%clk 00:01:18]} {[%emt 00:00:06]} 35. Bxh5 {[%clk 00:08:39]}
{[%emt 00:00:16]} 1-0

[Event "XXVII MISTRZOSTWA WOJEWÓDZTWA PODLASKIEGO JUNIORÓW DO LAT 18 - C18"]
[Site "Białystok, Poland"]
[Date "2025.05.30"]
[Round "3.2"]
[White "Chelstowski, Bartosz"]
[Black "Krynicki, Filip"]
[Result "0-1"]
[WhiteElo "1643"]
[BlackElo "1951"]

1. e4 {[%clk 00:30:36]} {[%emt 00:00:24]} c5 {[%clk 00:30:54]} {[%emt
00:00:06]} 2. Nc3 {[%clk 00:30:57]} {[%emt 00:00:09]} Nc6 {[%clk 00:31:07]}
{[%emt 00:00:16]} 3. Nge2 {[%clk 00:31:08]} {[%emt 00:00:20]} d6 {[%clk
00:31:09]} {[%emt 00:00:28]} 4. g3 {[%clk 00:31:26]} {[%emt 00:00:12]} g6
{[%clk 00:31:08]} {[%emt 00:00:31]} 5. Bg2 {[%clk 00:31:25]} {[%emt 00:00:31]}
Bg7 {[%clk 00:31:31]} {[%emt 00:00:07]} 6. O-O {[%clk 00:31:50]} {[%emt
00:00:05]} e5 {[%clk 00:31:28]} {[%emt 00:00:33]} 7. h3 {[%clk 00:32:10]}
{[%emt 00:00:09]} Nge7 {[%clk 00:31:05]} {[%emt 00:00:54]} 8. d3 {[%clk
00:32:32]} {[%emt 00:00:09]} O-O {[%clk 00:30:53]} {[%emt 00:00:41]} 9. Rb1
{[%clk 00:32:42]} {[%emt 00:00:20]} Be6 {[%clk 00:30:22]} {[%emt 00:01:00]} 10.
f4 {[%clk 00:32:31]} {[%emt 00:00:41]} f5 {[%clk 00:28:14]} {[%emt 00:02:38]}
11. Nd5 {[%clk 00:32:05]} {[%emt 00:00:56]} Qd7 {[%clk 00:28:03]} {[%emt
00:00:42]} 12. Kh2 {[%clk 00:32:20]} {[%emt 00:00:15]} Rae8 {[%clk 00:27:26]}
{[%emt 00:01:07]} 13. c4 {[%clk 00:31:16]} {[%emt 00:01:35]} Nd4 {[%clk
00:26:06]} {[%emt 00:01:49]} 14. Bd2 {[%clk 00:30:16]} {[%emt 00:01:31]} b5
{[%clk 00:25:02]} {[%emt 00:01:33]} 15. b4 {[%clk 00:29:38]} {[%emt 00:01:09]}
bxc4 {[%clk 00:24:57]} {[%emt 00:00:34]} 16. dxc4 {[%clk 00:29:53]} {[%emt
00:00:16]} fxe4 {[%clk 00:24:31]} {[%emt 00:00:56]} 17. Nec3 {[%clk 00:27:56]}
{[%emt 00:02:26]} Nf3+ {[%clk 00:19:22]} {[%emt 00:05:39]} 18. Bxf3 {[%clk
00:24:03]} {[%emt 00:04:22]} exf3 {[%clk 00:19:49]} {[%emt 00:00:03]} 19. Qxf3
{[%clk 00:20:37]} {[%emt 00:03:57]} Bxh3 {[%clk 00:19:52]} {[%emt 00:00:28]} 20.
Rf2 {[%clk 00:20:28]} {[%emt 00:00:38]} Bg4 {[%clk 00:19:16]} {[%emt 00:01:06]}
21. Qg2 {[%clk 00:19:47]} {[%emt 00:01:12]} cxb4 {[%clk 00:15:28]} {[%emt
00:04:18]} 22. Rxb4 {[%clk 00:19:59]} {[%emt 00:00:17]} Nc6 {[%clk 00:15:07]}
{[%emt 00:00:51]} 23. Rb1 {[%clk 00:19:28]} {[%emt 00:01:01]} Rf5 {[%clk
00:13:16]} {[%emt 00:02:21]} 24. Ne4 {[%clk 00:18:01]} {[%emt 00:01:57]} exf4
{[%clk 00:11:19]} {[%emt 00:02:28]} 25. Rxf4 {[%clk 00:17:20]} {[%emt
00:01:11]} Rxf4 {[%clk 00:09:14]} {[%emt 00:02:34]} 26. Bxf4 {[%clk 00:17:33]}
{[%emt 00:00:17]} Qf5 {[%clk 00:07:37]} {[%emt 00:02:07]} 27. Re1 {[%clk
00:13:55]} {[%emt 00:04:08]} Ne5 {[%clk 00:07:00]} {[%emt 00:01:07]} 28. Bxe5
{[%clk 00:07:10]} {[%emt 00:07:14]} Rxe5 {[%clk 00:07:20]} {[%emt 00:00:11]} 29.
Nf4 {[%clk 00:06:16]} {[%emt 00:01:24]} g5 {[%clk 00:04:06]} {[%emt 00:03:43]}
30. Nd5 {[%clk 00:04:08]} {[%emt 00:02:39]} Bf3 {[%clk 00:03:06]} {[%emt
00:01:29]} 31. Qf1 {[%clk 00:00:59]} {[%emt 00:03:39]} Rxe4 {[%clk 00:01:09]}
{[%emt 00:02:27]} 32. Ne7+ {[%clk 00:00:48]} {[%emt 00:00:41]} Rxe7 {[%clk
00:01:38]} {[%emt 00:00:02]} 33. Rxe7 {[%clk 00:01:16]} {[%emt 00:00:02]} Qc2+
{[%clk 00:02:06]} {[%emt 00:00:01]} 34. Kh3 {[%clk 00:00:45]} {[%emt 00:01:01]}
g4+ {[%clk 00:02:29]} {[%emt 00:00:07]} 35. Kh4 {[%clk 00:01:08]} {[%emt
00:00:08]} Bf6+ {[%clk 00:02:55]} {[%emt 00:00:04]} 36. Kh5 {[%clk 00:01:21]}
{[%emt 00:00:17]} Qg6# {[%clk 00:03:23]} {[%emt 00:00:01]} 0-1

[Event "XXVII MISTRZOSTWA WOJEWÓDZTWA PODLASKIEGO JUNIORÓW DO LAT 18 - C18"]
[Site "Białystok, Poland"]
[Date "2025.05.30"]
[Round "3.3"]
[White "Bartnik, Michal"]
[Black "Kurcinski, Sebastian"]
[Result "1-0"]
[WhiteElo "1986"]
[BlackElo "1628"]

1. e4 {[%clk 00:30:59]} c6 {[%clk 00:30:57]} {[%emt 00:00:04]} 2. d4 {[%clk
00:31:25]} {[%emt 00:00:04]} d5 {[%clk 00:31:23]} {[%emt 00:00:04]} 3. Nc3
{[%clk 00:31:44]} {[%emt 00:00:10]} dxe4 {[%clk 00:31:48]} {[%emt 00:00:05]} 4.
Nxe4 {[%clk 00:32:09]} {[%emt 00:00:04]} Nf6 {[%clk 00:32:11]} {[%emt
00:00:08]} 5. Nxf6+ {[%clk 00:32:35]} {[%emt 00:00:04]} exf6 {[%clk 00:32:40]}
{[%emt 00:00:02]} 6. c3 {[%clk 00:32:58]} {[%emt 00:00:07]} Bd6 {[%clk
00:33:03]} {[%emt 00:00:07]} 7. Bd3 {[%clk 00:33:23]} {[%emt 00:00:04]} O-O
{[%clk 00:33:14]} {[%emt 00:00:19]} 8. Ne2 {[%clk 00:33:50]} {[%emt 00:00:03]}
Bg4 {[%clk 00:33:07]} {[%emt 00:00:37]} 9. O-O {[%clk 00:34:09]} {[%emt
00:00:10]} Re8 {[%clk 00:33:06]} {[%emt 00:00:32]} 10. h3 {[%clk 00:34:31]}
{[%emt 00:00:09]} Bh5 {[%clk 00:33:28]} {[%emt 00:00:07]} 11. Qc2 {[%clk
00:34:34]} {[%emt 00:00:24]} Bg6 {[%clk 00:33:40]} {[%emt 00:00:21]} 12. f4
{[%clk 00:32:45]} {[%emt 00:02:19]} Bxd3 {[%clk 00:34:00]} {[%emt 00:00:10]} 13.
Qxd3 {[%clk 00:33:09]} {[%emt 00:00:06]} Nd7 {[%clk 00:33:36]} {[%emt
00:00:55]} 14. f5 {[%clk 00:31:04]} {[%emt 00:02:32]} Nc5 {[%clk 00:33:43]}
{[%emt 00:00:25]} 15. Qf3 {[%clk 00:30:39]} {[%emt 00:00:50]} Ne4 {[%clk
00:33:47]} {[%emt 00:00:31]} 16. Nf4 {[%clk 00:28:19]} {[%emt 00:02:49]} Qc7
{[%clk 00:33:55]} {[%emt 00:00:22]} 17. h4 {[%clk 00:23:47]} {[%emt 00:05:02]}
a5 {[%clk 00:33:24]} {[%emt 00:01:03]} 18. Re1 {[%clk 00:22:10]} {[%emt
00:02:03]} Bxf4 {[%clk 00:33:26]} {[%emt 00:00:31]} 19. Bxf4 {[%clk 00:22:21]}
{[%emt 00:00:18]} Nd6 {[%clk 00:33:27]} {[%emt 00:00:30]} 20. Rxe8+ {[%clk
00:20:51]} {[%emt 00:02:00]} Rxe8 {[%clk 00:33:55]} {[%emt 00:00:01]} 21. Qg3
{[%clk 00:21:11]} {[%emt 00:00:10]} Rd8 {[%clk 00:34:11]} {[%emt 00:00:15]} 22.
Re1 {[%clk 00:19:32]} {[%emt 00:02:08]} Kf8 {[%clk 00:33:56]} {[%emt 00:00:46]}
23. Kf2 {[%clk 00:12:58]} {[%emt 00:07:02]} Qd7 {[%clk 00:34:16]} {[%emt
00:00:12]} 24. Bxd6+ {[%clk 00:13:20]} {[%emt 00:00:08]} Qxd6 {[%clk 00:34:40]}
{[%emt 00:00:06]} 25. Qxd6+ {[%clk 00:13:42]} {[%emt 00:00:07]} Rxd6 {[%clk
00:35:07]} {[%emt 00:00:03]} 26. Kf3 {[%clk 00:13:17]} {[%emt 00:00:54]} Rd5
{[%clk 00:35:13]} {[%emt 00:00:27]} 27. Ke4 {[%clk 00:12:56]} {[%emt 00:00:45]}
g6 {[%clk 00:34:52]} {[%emt 00:00:56]} 28. g4 {[%clk 00:12:52]} {[%emt
00:00:33]} Ke7 {[%clk 00:30:29]} {[%emt 00:04:55]} 29. c4 {[%clk 00:12:37]}
{[%emt 00:00:44]} Rd8 {[%clk 00:30:50]} {[%emt 00:00:09]} 30. Kd3+ {[%clk
00:08:40]} {[%emt 00:04:25]} Kd7 {[%clk 00:31:19]} {[%emt 00:00:04]} 31. a3
{[%clk 00:07:42]} {[%emt 00:01:28]} b6 {[%clk 00:31:40]} {[%emt 00:00:09]} 32.
Re3 {[%clk 00:05:06]} {[%emt 00:03:03]} Rh8 {[%clk 00:31:52]} {[%emt 00:00:20]}
33. d5 {[%clk 00:05:13]} {[%emt 00:00:23]} cxd5 {[%clk 00:32:09]} {[%emt
00:00:14]} 34. cxd5 {[%clk 00:05:38]} {[%emt 00:00:05]} h5 {[%clk 00:32:02]}
{[%emt 00:00:36]} 35. fxg6 {[%clk 00:05:37]} {[%emt 00:00:31]} fxg6 {[%clk
00:32:30]} {[%emt 00:00:03]} 36. Re6 {[%clk 00:05:54]} {[%emt 00:00:13]} hxg4
{[%clk 00:32:32]} {[%emt 00:00:27]} 37. Rxf6 {[%clk 00:06:17]} {[%emt
00:00:06]} Rxh4 {[%clk 00:32:31]} {[%emt 00:00:32]} 38. Rxg6 {[%clk 00:06:31]}
{[%emt 00:00:47]} g3 {[%clk 00:32:39]} {[%emt 00:00:51]} 39. Rxg3 {[%clk
00:06:33]} {[%emt 00:00:27]} Kd6 {[%clk 00:33:07]} {[%emt 00:00:04]} 40. Rg6+
{[%clk 00:06:04]} {[%emt 00:00:57]} Kxd5 {[%clk 00:33:32]} {[%emt 00:00:06]} 41.
Rxb6 {[%clk 00:06:29]} {[%emt 00:00:05]} Rh3+ {[%clk 00:33:49]} {[%emt
00:00:13]} 42. Kc2 {[%clk 00:06:47]} {[%emt 00:00:09]} Kc5 {[%clk 00:33:45]}
{[%emt 00:00:37]} 43. Rb3 {[%clk 00:06:31]} {[%emt 00:00:41]} Rh2+ {[%clk
00:33:58]} {[%emt 00:00:22]} 44. Kb1 {[%clk 00:06:55]} {[%emt 00:00:05]} Re2
{[%clk 00:33:26]} {[%emt 00:01:02]} 45. a4 {[%clk 00:06:48]} {[%emt 00:00:37]}
Re5 {[%clk 00:31:19]} {[%emt 00:02:38]} 46. Rb5+ {[%clk 00:05:56]} {[%emt
00:01:22]} Kd4 {[%clk 00:31:48]} {[%emt 00:00:02]} 47. Rxe5 {[%clk 00:05:35]}
{[%emt 00:00:50]} Kxe5 {[%clk 00:32:16]} {[%emt 00:00:02]} 48. Kc2 {[%clk
00:05:10]} {[%emt 00:00:55]} Kd4 {[%clk 00:30:57]} {[%emt 00:01:49]} 49. Kb3
{[%clk 00:05:21]} {[%emt 00:00:19]} Kd3 {[%clk 00:31:21]} {[%emt 00:00:07]} 50.
Ka2 {[%clk 00:05:11]} {[%emt 00:00:38]} Kd2 {[%clk 00:30:58]} {[%emt 00:00:54]}
51. b4 {[%clk 00:05:28]} {[%emt 00:00:13]} axb4 {[%clk 00:31:27]} {[%emt
00:00:01]} 52. Kb3 {[%clk 00:05:50]} {[%emt 00:00:08]} 1-0